000 00587nam a22001697a 4500
003 NUST
038 _aNusrat Nadeem
082 _a200
100 _aTaj, Rabia
_9125695
245 _aTransformative Insights: Anticipating Parkinson’s Motor Fluctuations with Wearable Sensors and Advanced Deep Learning Models/
_cRabia Taj,
264 _aIslamabad;
_bSEECS NUST;
_c2024.
300 _a99,p;
_bill;
_c30,cm.
650 _aMS-Computer Science
_926780
700 _aSupervisor: Dr. Qaiser Riaz
_996872
856 _uhttp://10.250.8.41:8080/xmlui/handle/123456789/46374
942 _2ddc
_cSC
999 _c611408
_d611408